Recent experiments on management of two phytophthora diseases of Hevea rubber in India (Record no. 66475)

MARC details
000 -LEADER
fixed length control field 00474nam a2200145Ia 4500
100 ## - MAIN ENTRY--AUTHOR NAME
Personal name Edathil T T
245 #0 - TITLE STATEMENT
Title Recent experiments on management of two phytophthora diseases of Hevea rubber in India
260 ## - PUBLICATION, DISTRIBUTION, ETC. (IMPRINT)
Name of publisher International Natural Rubber Conference, 5-8 February 1992, Bangalore, India.
Year of publication 1992
700 ## - ADDED ENTRY--PERSONAL NAME
Personal name Idicula S P
700 ## - ADDED ENTRY--PERSONAL NAME
Personal name Jacob C K
700 ## - ADDED ENTRY--PERSONAL NAME
Personal name Jayarathnam K
700 ## - ADDED ENTRY--PERSONAL NAME
Personal name Krishnankutty V
942 ## - ADDED ENTRY ELEMENTS (KOHA)
Koha item type Journals
Holdings
Withdrawn status Lost status Damaged status Not for loan Home library Current library Date acquired Koha item type
      Journals RRII Library RRII Library 17/12/2021 Journals